000 00725nam a22001937a 4500
999 _c175703
_d175703
005 20200921123533.0
010 _aUR-10867
020 _c150.00
_a9789389733709
035 _aU-9422
037 _bDBAD/PUB
082 _a920
100 _aا يا ز ا حمد مغل
245 _aحيا ت ا نيس منصو ر فی ضو ء کتا ب تہ
_cا يا ز ا حمد مغل
246 _bLife in the Light of the Works of Anis Mansour (Urdu)
_aby Ayaz Ahmed Mughal
260 _aN.Delhi
_bEducational Publishing House
_c2020 ء
270 _aH.O.D1/16,Ansari Road,Darya ganj,
_bN.Delhi
_e110002
_k45678285,23216162
_l0091-11-23211540
300 _a119 ص
_c22 Cm(Hb)
942 _2ddc
_cUR
_h920
_mا ي ا